000 00517nam a2200193Ia 4500
001 57289
008 140103n ii |||gr||||Z||||||asm
020 _a978-9381-069
082 _a891.4108
245 0 _aShubhadinar Apekkhat
_cJayashree Borah
_hTextual Documents
250 _aIst ed.
260 _aGuwahati:
_bPranjal Kr.Mahanta.,
_c2013.
300 _a234pg:
_c23cm.
653 _aAssamese
653 _aAssamese literature
653 _aG- Assamese
700 _aBorah, Jayashree ,
_eAuthor.
942 _2ddc
_cBK
999 _c57202
_d57202